Visualizzazione normale
Vista MARC
- Garinei E Giovannini
di Personal Name
Records bibliografici associati: 1
001 - CONTROL NUMBER
- control field: 49556
003 - CONTROL NUMBER IDENTIFIER
- control field: IT-RoPau
005 - DATE AND TIME OF LATEST TRANSACTION
- control field: 20151202092359.0
008 - FIXED-LENGTH DATA ELEMENTS
- fixed length control field: 151202|| aca||aabn | a|a d
040 ## - CATALOGING SOURCE
- Original cataloging agency: IT-RoPau
- Transcribing agency: IT-RoPau
100 ## - HEADING--PERSONAL NAME
- Personal name: Garinei E Giovannini
- Miscellaneous information: Codice regista SPICS: 35484
670 ## - SOURCE DATA FOUND
- Source citation: Work cat.: (IT-RoPau)106940: Garinei E Giovannini Codice regista SPICS: 35484, AGGIUNGI UN POSTO A TAVOLA AGGIUNGI UN POSTO A TAVOLA (Rif. Codice opera principale : A5295)